No More Nagasakis Interfaith Action toward a World without Nuclear Weapons /
In a speech delivered in Japanese at Cornell University, atomic bomb survivor Tomokazu Ihara describes the bombing of his home city of Nagasaki in 1945, traces his activism against nuclear proliferation, and issues an impassioned plea for a world without nuclear weapons. Cornell Global Perspectives...
| Main Author: | |
|---|---|
| Corporate Authors: | , |
| Format: | eBook |
| Language: | English Japanese |
| Language Notes: | Text in English and Japanese. |
| Published: |
Ithaca, NY :
Cornell University Press,
2018.
|
| Series: | Book collections on Project MUSE.
|
| Subjects: | |
| Online Access: | Connect to the full text of this electronic book |
MARC
| Tag | First Indicator | Second Indicator | Subfields |
|---|---|---|---|
| LEADER | 00000cam a2200000Ma 4500 | ||
| 001 | in00004635521 | ||
| 006 | m o d | ||
| 007 | cr |||||||nn|n | ||
| 008 | 190925s2018 nyu o 000 0 eng d | ||
| 005 | 20230103223502.5 | ||
| 010 | |z 2019303684 | ||
| 035 | |a (OCoLC)on1139841225 | ||
| 040 | |a P@U |b eng |c P@U |d OCLCO |d UX1 |d SFB |d VT2 |d JSTOR |d OCLCF | ||
| 019 | |a 1152008634 |a 1253409158 | ||
| 020 | |a 9781501744396 |q (electronic bk.) | ||
| 020 | |a 1501744399 |q (electronic bk.) | ||
| 020 | |a 1501744380 |q (electronic bk.) | ||
| 020 | |a 9781501744389 |q (electronic bk.) | ||
| 020 | |a 1501744402 |q (electronic bk.) | ||
| 020 | |a 9781501744402 |q (electronic bk.) | ||
| 020 | |z 9781501744389 | ||
| 020 | |z 9781501744402 | ||
| 035 | |a (OCoLC)1139841225 |z (OCoLC)1152008634 |z (OCoLC)1253409158 | ||
| 037 | |a 22573/ctv30wfhs0 |b JSTOR | ||
| 041 | 0 | |a jpn |a eng | |
| 050 | 4 | |a JZ5574 | |
| 082 | 0 | 4 | |a 303.66 |2 23/eng/20221107 |
| 049 | |a TXAM | ||
| 100 | 1 | |a Ihara, Toyokazu, |e author. | |
| 245 | 1 | 0 | |a No More Nagasakis |b Interfaith Action toward a World without Nuclear Weapons / |c Toyokazu Ihara, [translated by Hirokazu Miyazaki and Xavier Riles Miyazaki]. |
| 260 | |a Ithaca, NY : |b Cornell University Press, |c 2018. |e (Baltimore, Md. : |f Project MUSE, |g 2015) | ||
| 300 | |a 1 online resource (22 pages ). | ||
| 336 | |a text |b txt |2 rdacontent | ||
| 337 | |a computer |b c |2 rdamedia | ||
| 338 | |a online resource |b cr |2 rdacarrier | ||
| 490 | 1 | |a Distinguished Speaker Series | |
| 490 | 1 | |a Cornell global perspectives | |
| 500 | |a "Mario Einaudi Center for International Studies: Faith, Hope & Knowledge: Interfaith Dialogues for Global Justice & Peace, September 29, 2017: Cornell University."--Title page. | ||
| 546 | |a Text in English and Japanese. | ||
| 588 | |a Description based on print version record. | ||
| 520 | |a In a speech delivered in Japanese at Cornell University, atomic bomb survivor Tomokazu Ihara describes the bombing of his home city of Nagasaki in 1945, traces his activism against nuclear proliferation, and issues an impassioned plea for a world without nuclear weapons. Cornell Global Perspectives is an imprint of Cornell University's Mario Einaudi Center for International Studies. The works examine critical global challenges, often from an interdisciplinary perspective, and are intended for a non-specialist audience. The Distinguished Speaker Series presents edited transcripts of talks delivered at Cornell, both in the original language and in translation. | ||
| 650 | 0 | |a Nuclear warfare |x Moral and ethical aspects. | |
| 650 | 0 | |a Peace |x Societies, etc. | |
| 650 | 0 | |a Antinuclear movement. | |
| 650 | 7 | |a POLITICAL SCIENCE / World / Asian. |2 bisacsh | |
| 650 | 7 | |a Antinuclear movement. |2 fast |0 (OCoLC)fst00810626 | |
| 650 | 7 | |a Nuclear warfare |x Moral and ethical aspects. |2 fast |0 (OCoLC)fst01040933 | |
| 650 | 7 | |a Peace |x Societies, etc. |2 fast |0 (OCoLC)fst01055832 | |
| 655 | 7 | |a Electronic books. |2 local | |
| 710 | 2 | |a JSTOR (Organization) | |
| 710 | 2 | |a Project Muse. | |
| 830 | 0 | |a Book collections on Project MUSE. | |
| 856 | 4 | 0 | |u https://www.jstor.org/stable/10.7591/j.ctv310vkg9 |z Connect to the full text of this electronic book |t 0 |
| 955 | |a JSTOR Open Access ebooks | ||
| 994 | |a 92 |b TXA | ||
| 999 | f | f | |s 6394e4fd-5719-40fd-990e-422fcecdc897 |i 1945a03e-2bb8-414a-94ed-d712b3cef92e |t 0 |
| 952 | f | f | |a Texas A&M University |b College Station |c Electronic Resources |d Available Online |t 0 |e JZ5574 |h Library of Congress classification |
| 998 | f | f | |a JZ5574 |t 0 |l Available Online |